Infancia y sociedad /

Збережено в:
Бібліографічні деталі
Автор: Erikson, Erik H. (autor)
Формат: Книга
Мова:Іспанська
Опубліковано: Buenos Aires, Argentina : Hormé, 1959, c1959
Серія:(Ediciones Hormé ; 1)
Предмети:
Теги: Додати тег
Немає тегів, Будьте першим, хто поставить тег для цього запису!

MARC

LEADER 00000nam^a2200000^a^4500
001 000364386
005 20250521000000.0
008 151210 19591959
009 20260310115614.504
037 |a Acervo Xavier Clavigero 
041 |a ESP 
082 |a 155. 4  |b ERI 
100 |a Erikson, Erik H.  |e (autor) 
240 1 1 |a [Infancia y sociedad] 
245 1 0 |a Infancia y sociedad /  |c E.H. Erikson ; tr. por Lucrecia C. de Alcalde. 
264 4 |a Buenos Aires, Argentina :  |b Hormé,  |c 1959, c1959 
300 |a 367 p. 
336 |a texto  |b txt  |2 rdacontenido 
337 |a sin mediación  |b n  |2 rdamedio 
338 |a volumen  |b nc  |2 rdasoporte 
440 1 |a (Ediciones Hormé ;  |v 1) 
500 |a Traducción de: Childhood and Society 
649 |a XX 
650 |a Niños -  |x Condiciones Psicológicas -  |x Tema Principal 
650 |a Jóvenes -  |x Condiciones Psicológicas -  |x Tema Principal 
650 |a Yo (Psicoanálisis) 
650 |a Identidad Personal 
650 |a Identidad Nacional 
650 |a Psicología Evolutiva -  |x Tema Principal 
650 |a Psicología Evolutiva -  |x Teoría 
650 |a Psicoanálisis -  |x Tema Principal 
650 |a Psicoanálisis -  |x Teoría 
650 |a Hitler, Adolf 
600 |a Gorki, Maxim 
910 |a Fondo General 
920 |a Impresos - Libros 
930 |a Colección General 
905 |a 101 
901 |a 013837  |b IT1  |c ACC  |u 20250521 
902 |a https://opac.biblio.iteso.mx/vufind/Record/000364386